Recycling for Death

محفوظ في:

المؤلف الرئيسي: Kara Cooney

التنسيق: كتاب

اللغة: Undetermined

منشور في: Cairo American University in Cairo 2024

الموضوعات:

الوسوم: إضافة وسم

لا توجد وسوم, كن أول من يضع وسما على هذه التسجيلة!

رقم الطلب: On Hold

LEADER 00572nam a2200193Ia 4500
005 20260324113530.0
008 260324s9999||||xx |||||||||||||| ||und||
020 |a 978-1649031280 
050 4 |a On Hold 
100 0 |a Kara Cooney 
245 1 0 |a Recycling for Death   |c Kara Cooney 
264 1 |a Cairo  |b American University in Cairo  |c 2024 
300 |a 476 Pages  |b illustrations  |c 28 cm 
650 4 |a Ancient  
650 4 |a Antiquities 
650 4 |a Coffin Reuse in Ancient Egypt and the Theban Royal Caches 
650 4 |a Customs -- Traditions 
650 4 |a Death -- Dying 
999 |c 61909  |d 61909